Catholic Vocabulary #2 - Statistics

General Stats
  • This quiz has been taken 73 times
  • The average score is 6 of 20
Answer Stats
Definition Answer % Correct
A visible sign of an actual, inward grace instituted by Christ (there are seven) Sacrament
77%
This building's name derived from its status as seat of a bishop Cathedral
74%
Venerated objects typically related to the lives of saints, or objects which have touched those Relic
72%
A relatively slight sin which does not block sanctifying grace (contrast with mortal sin) {Venial} Sin
67%
Catholic order founded by Saint Ignatius of Loyola, committed to teaching and missionary work Jesuits
51%
Series of prayers of the course of nine days, generally focused on a particular saint Novena
51%
The receptacle in which the Eucharist is displayed during Adoration Monstrance
47%
Three days from evening of Holy Thursday to evening of Easter Sunday, considered the height of the liturgical year Triduum
30%
Reasoned defenses of the Catholic faith, such as those in Saint Augustine's "City of God" Apologetics
28%
Outermost garment of priestly vestments, changes color depending on liturgical calendar Chasuble
26%
State of religious seclusion undertaken by some in the consecrated life, such as nuns or some monks Cloister
23%
Archaic name for the day before Ash Wednesday in English {Shrove} Tuesday
21%
Artwork consisting of three panels hinged together, often depicting religious scenes Triptych
19%
Fish-shaped signal used by early Christians to secretly signify their faith Ichthys
16%
Formal condemnation, usually in the context of an Ecumenical Council against a heresy like Arianism Anathema
14%
Unique spiritual gifts given to all people by the Holy Spirit to be a channel for God's goodness on Earth Charism
12%
Tendency of the fallen human soul to sin which remains after baptism Concupiscence
7%
Proper and objective interpretation of the Bible under senses such as literal or anagogical Exegesis
5%
Refers to the offering or sacrifice of blood and wine on the altar, used many times in the Traditional Latin Mass Oblation
5%
Papal umbrella given to all Basilicas, and opened when the pope visits Umbraculum
2%
No matching quizzes found
Score Distribution
Percent of People with Each Score
Percentile by Number Answered
Your Score History
You have not taken this quiz